| 000 | 00563 a2200193 4500 | ||
|---|---|---|---|
| 001 | 62112 | ||
| 005 | 20260407155914.0 | ||
| 008 | 260407a1981 arg spa d | ||
| 003 | AR-UNSa-BCEJYS | ||
| 040 |
_aAR-UNSa-BCEJYS _bspa _cAR-UNSa-BCEJYS |
||
| 080 |
_a331.105.44 _xOrganizaciones de empleados. Sindicatos |
||
| 245 | 1 | 0 | _aEl sindicato en el derecho argentino |
| 264 | 1 |
_aBuenos Aires : _bAstrea _c1981 |
|
| 300 |
_axvi, 390 p. _c23 cm. |
||
| 041 | _aspa | ||
| 942 | _cBK | ||
| 590 | _aniveau_biblio:m niveau_hierar:0 | ||
| 100 | 1 | _aVázquez Vialard, Antonio | |
| 999 |
_c7565 _d7565 |
||